Métropoles du Monde (CRPE-Gr2) - Statistiques

Statistiques générales
  • Ce quiz a été pris 890 fois
  • Le résultat moyen est 16 sur 28
Statistiques - réponses
Par images Réponse % Correct
Paris
83%
Londres
80%
New York
78%
Mexico
77%
Moscou
76%
Tokyo
74%
Los Angeles
72%
Berlin
71%
Le Caire
71%
São Paulo
70%
Mumbai (ex Bombay)
62%
Séoul
62%
Buenos Aires
60%
Istanbul
57%
Lagos
57%
Pékin (Beijing)
56%
Chicago
53%
Rio de Janeiro
53%
Osaka
51%
Jakarta
50%
New Delhi
49%
Shanghai
44%
Bangkok
43%
Manille
43%
Téhéran
37%
Dacca
34%
Karachi
28%
Calcutta
27%
Aucun quiz correspondant
Distribution des résultats
% des personnes avec chaque résultat
Percentile par nombre de réponses
Votre historique - résultats
Vous n’avez pas pris ce quiz